| 000 | 00650nam a2200217Ia 4500 | ||
|---|---|---|---|
| 003 | OSt | ||
| 005 | 20251126114401.0 | ||
| 008 | 210719s1907 xx 000 0 und d | ||
| 040 | _cAL | ||
| 041 | _akan | ||
| 082 | _aK894.301 MANK | ||
| 100 |
_aMANGESHRAV (T) _9176021 _dಮಂಗೇಶ ರಾವ್ (ಟಿ) |
||
| 245 |
_aKindergarten kaipidi: _bಕಿಂಡರ್ಗಾರ್ಟನ್ ಕೈಪಿಡಿ |
||
| 260 |
_aMangaluru _bBasel mission book depot _c1907 |
||
| 300 |
_a36 _bPB |
||
| 365 | _cRs | ||
| 650 |
_aKannada Fiction _9176022 |
||
| 650 |
_aKannada literature _9176023 |
||
| 906 | _akaipiDi ; KinDargArTan | ||
| 942 |
_2ddc _cBK |
||
| 999 |
_c215530 _d215530 |
||